[Event "DEM U10 2012"]
[Site "Oberhof GER"]
[Date "2012.06.02"]
[Round "11"]
[White "Vaintroub, Maximilian"]
[Black "Suvorov, Luca"]
[Result "1-0"]
[Termination "normal"]
[Board "13"]
[WhiteElo "1302"]
[BlackElo "1255"]
[PlyCount "125"]
[WhiteFideId "12942510"]
[BlackFideId "12977071"]
[EventCountry "GER"]
[EventRounds "11"]
[EventType "swiss"]
[EventDate "2012.05.26"]

1. e4 Nc6 2. Nf3 d6 3. d4 Bg4 4. Be3 e6 5. Nc3 d5 6. exd5 exd5 7. h3 Bh5 8. Bb5
a6 9. Be2 Nf6 10. O-O Be7 11. Re1 O-O 12. Nd2 Bg6 13. a3 Re8 14. Bf3 Qd7 15.
Nb3 Rad8 16. Bg5 Qf5 17. Bxf6 Bxf6 18. Rxe8+ Rxe8 19. Nxd5 Qxc2 20. Nxf6+ gxf6
21. Qxc2 Bxc2 22. Nc5 Nxd4 23. Bxb7 Ne6 24. Nxa6 Nf4 25. Nb4 Bf5 26. Kf1 Nd3
27. Nxd3 Bxd3+ 28. Kg1 Rb8 29. Rd1 Rxb7 30. Rxd3 Rxb2 31. Kf1 Kf8 32. Rd7 Ra2
33. Rxc7 Rxa3 34. Ke2 Kg7 35. Re7 Kg6 36. Re3 Ra5 37. f4 f5 38. Re8 Ra2+ 39.
Kf3 Ra3+ 40. Re3 Ra1 41. Kg3 Ra4 42. Rf3 Kf6 43. Kh4 Ke6 44. Kh5 Ra7 45. Re3+
Kf6 46. Kh6 Ra4 47. g3 Re4 48. Rf3 Re2 49. Kxh7 Rh2 50. h4 Re2 51. h5 Rh2 52.
h6 Re2 53. Kg8 Re8+ 54. Kh7 Re2 55. Rc3 Re6 56. Rc8 Ke7 57. Rg8 Rd6 58. Rg5 Kf8
59. Rxf5 Rg6 60. Rg5 Rf6 61. f5 Rd6 62. Rg7 Rf6 63. g4 1-0

[Event "DEM U10 2012"]
[Site "Oberhof GER"]
[Date "2012.06.02"]
[Round "11"]
[White "Santos, Leonardo"]
[Black "Yankelevich, Michael"]
[Result "0-1"]
[Termination "normal"]
[Board "14"]
[WhiteElo "1189"]
[BlackElo "1718"]
[PlyCount "106"]
[WhiteFideId "12965049"]
[BlackFideId "12921440"]
[EventCountry "GER"]
[EventRounds "11"]
[EventType "swiss"]
[EventDate "2012.05.26"]

1. e4 e5 2. Nf3 Nf6 3. Nxe5 d6 4. Nf3 Nxe4 5. Nc3 Nxc3 6. dxc3 Nc6 7. Bf4 Bg4
8. Be2 Be7 9. Qd2 Qd7 10. O-O-O O-O-O 11. h3 Bh5 12. g4 Bg6 13. Nd4 Kb8 14. Bf3
Nxd4 15. Qxd4 Bf6 16. Qb4 Qc8 17. Be3 c5 18. Qa4 Qc7 19. Rd5 Qc6 20. Qb3 Qb6
21. Qa3 Qa6 22. Qb3 Qb6 23. Qa3 Qa6 24. Qb3 Be7 25. Re1 Rhe8 26. Bxc5 dxc5 27.
Rxd8+ Rxd8 28. Bxb7 Qxb7 29. Qxb7+ Kxb7 30. Rxe7+ Kb6 31. h4 h5 32. g5 a5 33.
f4 Rd5 34. Re8 Rf5 35. Re4 Rxg5 36. fxg5 Bxe4 37. Kd2 Kc6 38. Ke3 Bxc2 39. Kf4
Kd6 40. a3 g6 41. Ke3 Kd5 42. Kd2 Bb3 43. Kd3 Ke5 44. Ke3 Kf5 45. Kf3 a4 46.
Kg3 Ke4 47. Kh3 Kd3 48. Kg3 Kc2 49. Kf4 Kxb2 50. Ke5 Kxc3 51. Kd6 Kd4 52. Ke7
Bd5 53. Kf6 c4 0-1

[Event "DEM U10 2012"]
[Site "Oberhof GER"]
[Date "2012.06.02"]
[Round "11"]
[White "Heckmann, Till"]
[Black "Meyling, Lennart"]
[Result "1/2-1/2"]
[Termination "normal"]
[Board "15"]
[WhiteElo "1282"]
[BlackElo "1572"]
[PlyCount "117"]
[WhiteFideId "12987093"]
[BlackFideId "12947130"]
[EventCountry "GER"]
[EventRounds "11"]
[EventType "swiss"]
[EventDate "2012.05.26"]

1. e4 c5 2. Nf3 d6 3. c3 Nf6 4. h3 Nxe4 5. Qa4+ Bd7 6. Qxe4 Bc6 7. Qe3 e6 8.
Bd3 Be7 9. Bc2 O-O 10. O-O e5 11. d3 f5 12. Qe2 Qe8 13. Re1 Qg6 14. Nbd2 Nd7
15. Nf1 Rae8 16. Ng3 f4 17. Ne4 d5 18. Ned2 d4 19. Ne4 Rf5 20. Kh2 Nf6 21.
Nxf6+ Bxf6 22. Rg1 Qf7 23. Bb3 Bd5 24. Bxd5 Qxd5 25. c4 Qc6 26. Re1 Re7 27. Qe4
Qd7 28. Qd5+ Qxd5 29. cxd5 Rd7 30. Re4 Rxd5 31. Bd2 b6 32. Rc1 a5 33. Ree1 Kf7
34. Rc2 Rh5 35. Rec1 Be7 36. Be1 g5 37. Kg1 Bd6 38. Nd2 Bc7 39. f3 Rh6 40. Ne4
Rg6 41. Kf1 h5 42. Re2 h4 43. Rec2 Ke7 44. Ke2 Kd7 45. a4 Kc8 46. b4 axb4 47.
Bxb4 Rg7 48. Be1 Bd8 49. Rb1 Ra7 50. Ra2 Rdd7 51. Kd1 Kc7 52. Rba1 Kc6 53. Kc2
Rdb7 54. Bd2 Be7 55. a5 b5 56. Kd1 Kd5 57. Kc2 b4 58. Kb3 Rb5 59. a6 1/2-1/2

[Event "DEM U10 2012"]
[Site "Oberhof GER"]
[Date "2012.06.02"]
[Round "11"]
[White "Preißler, Niklas"]
[Black "Rose, Luis Stratos"]
[Result "0-1"]
[Termination "normal"]
[Board "17"]
[WhiteElo "1393"]
[BlackElo "1372"]
[PlyCount "48"]
[WhiteFideId "12927554"]
[BlackFideId "12976008"]
[EventCountry "GER"]
[EventRounds "11"]
[EventType "swiss"]
[EventDate "2012.05.26"]

1. d4 Nf6 2. Nf3 g6 3. c4 Bg7 4. Nc3 O-O 5. e4 d6 6. Be2 Nbd7 7. O-O e5 8. d5
Nh5 9. Ne1 Nf4 10. Nd3 Nxd3 11. Qxd3 f5 12. f3 f4 13. b4 Qh4 14. Bd2 g5 15. Be1
Qh5 16. Bf2 Rf6 17. Kh1 Rh6 18. Bg1 Nf6 19. c5 Qh4 20. cxd6 Nh5 21. h3 Ng3+ 22.
Kh2 Bxh3 23. Bc5 Bxg2+ 24. Kg1 Nh1 0-1

[Event "DEM U10 2012"]
[Site "Oberhof GER"]
[Date "2012.06.02"]
[Round "11"]
[White "Mönster, Madita"]
[Black "Baltic, Fatih"]
[Result "1/2-1/2"]
[Termination "normal"]
[Board "18"]
[WhiteElo "1025"]
[BlackElo "1379"]
[PlyCount "44"]
[WhiteFideId "12947156"]
[BlackFideId "12979090"]
[EventCountry "GER"]
[EventRounds "11"]
[EventType "swiss"]
[EventDate "2012.05.26"]

1. d4 d5 2. Nf3 c5 3. dxc5 e6 4. e4 Nc6 5. Nc3 d4 6. Nb5 Bxc5 7. Bf4 Bb6 8. Be5
Nxe5 9. Nxe5 Ne7 10. Nf3 Nc6 11. Bd3 a6 12. Na3 Bc7 13. Qd2 Qf6 14. Qg5 Qg6 15.
Qxg6 hxg6 16. O-O-O b5 17. Rde1 Bb7 18. Kb1 Ke7 19. g3 Ne5 20. Nxe5 Bxe5 21. f4
Bc7 22. h4 Kd7 1/2-1/2

[Event "DEM U10 2012"]
[Site "Oberhof GER"]
[Date "2012.06.02"]
[Round "11"]
[White "Stork, Oliver"]
[Black "Faal, Marcel"]
[Result "1/2-1/2"]
[Termination "normal"]
[Board "19"]
[WhiteElo "1216"]
[BlackElo "1169"]
[PlyCount "57"]
[WhiteFideId "12955728"]
[BlackFideId "1271978"]
[EventCountry "GER"]
[EventRounds "11"]
[EventType "swiss"]
[EventDate "2012.05.26"]

1. e4 c5 2. Nc3 Nc6 3. Bb5 a6 4. Bxc6 bxc6 5. b3 e6 6. f4 d5 7. d3 Be7 8. Nf3
Nf6 9. O-O O-O 10. Qe1 Bb7 11. e5 Nd7 12. Qg3 Kh8 13. Qh3 Nb6 14. Ng5 h6 15.
Qh5 Kg8 16. Nf3 c4 17. d4 cxb3 18. axb3 c5 19. dxc5 Bxc5+ 20. Kh1 d4 21. Rd1
Bxf3 22. Qxf3 Qc7 23. Ne4 Rfd8 24. Nxc5 Qxc5 25. Qd3 Qc3 26. Qxc3 dxc3 27. Be3
Rxd1+ 28. Rxd1 Nd5 29. Rd3 1/2-1/2

[Event "DEM U10 2012"]
[Site "Oberhof GER"]
[Date "2012.06.02"]
[Round "11"]
[White "Pajeken, Jakob Leon"]
[Black "Kopylov, Daniel"]
[Result "1/2-1/2"]
[Termination "normal"]
[Board "20"]
[WhiteElo "1385"]
[BlackElo "1623"]
[PlyCount "43"]
[WhiteFideId "12942839"]
[BlackFideId "12921971"]
[EventCountry "GER"]
[EventRounds "11"]
[EventType "swiss"]
[EventDate "2012.05.26"]

1. d4 d5 2. Bf4 c5 3. e3 Nc6 4. Nc3 Nf6 5. Nb5 Kd7 6. dxc5 e6 7. Bd6 Bxd6 8.
Nxd6 Qa5+ 9. Qd2 Qxd2+ 10. Kxd2 Ke7 11. c3 a5 12. a4 Bd7 13. Bb5 b6 14. Bxc6
Bxc6 15. b4 axb4 16. cxb4 bxc5 17. bxc5 Rxa4 18. Rxa4 Bxa4 19. Ne2 Rb8 20. Rc1
Rb2+ 21. Kd3 Bb5+ 22. Nxb5 1/2-1/2

[Event "DEM U10 2012"]
[Site "Oberhof GER"]
[Date "2012.06.02"]
[Round "11"]
[White "Voß, Henrike"]
[Black "Merk, Daniel"]
[Result "0-1"]
[Termination "normal"]
[Board "22"]
[WhiteElo "1002"]
[BlackElo "1312"]
[PlyCount "70"]
[WhiteFideId "12971910"]
[BlackFideId "12938386"]
[EventCountry "GER"]
[EventRounds "11"]
[EventType "swiss"]
[EventDate "2012.05.26"]

1. e4 e6 2. d4 d5 3. e5 c5 4. Nf3 cxd4 5. Qxd4 Nc6 6. Bb5 Bd7 7. Bxc6 Bxc6 8.
Nc3 Ne7 9. Bg5 Nf5 10. Bxd8 Nxd4 11. Nxd4 Rxd8 12. Nxc6 bxc6 13. O-O-O Bb4 14.
Ne2 O-O 15. c3 Ba5 16. f4 f6 17. Nd4 Rde8 18. Nxc6 Bb6 19. Rhf1 Rf7 20. g4 Ref8
21. f5 exf5 22. gxf5 fxe5 23. Nxe5 Rxf5 24. Nd7 Rxf1 25. Nxf8 Rxd1+ 26. Kxd1
Kxf8 27. Kd2 Ke7 28. Kd3 Kd6 29. c4 a5 30. a4 g5 31. cxd5 Kxd5 32. b3 g4 33.
Ke2 Bc7 34. Kf2 Bxh2 35. Kg2 Bd6 0-1

[Event "DEM U10 2012"]
[Site "Oberhof GER"]
[Date "2012.06.02"]
[Round "11"]
[White "Liebeck, Eddie"]
[Black "Bierfreund, Trine"]
[Result "1-0"]
[Termination "normal"]
[Board "23"]
[WhiteElo "1273"]
[BlackElo "1083"]
[PlyCount "119"]
[WhiteFideId "12945854"]
[BlackFideId "12957372"]
[EventCountry "GER"]
[EventRounds "11"]
[EventType "swiss"]
[EventDate "2012.05.26"]

1. d4 d5 2. c4 e6 3. cxd5 exd5 4. Nf3 c5 5. e3 Nc6 6. Bb5 Nf6 7. Ne5 Bd7 8.
Nxd7 Qxd7 9. Nc3 Bd6 10. dxc5 Bxc5 11. Bd2 O-O 12. O-O Qd6 13. Na4 Ne7 14. Nxc5
Qxc5 15. Bd3 Ng6 16. a3 Qc6 17. Qe2 Rae8 18. Bb5 Nf4 19. Bxc6 Nxe2+ 20. Kh1
bxc6 21. Rfe1 c5 22. Rxe2 Rd8 23. Rc1 c4 24. h3 Rfe8 25. Rce1 Ne4 26. Kh2 Nxd2
27. Rxd2 d4 28. Red1 d3 29. Rb1 a5 30. Rc1 Re4 31. Rc3 f5 32. g3 g5 33. b3 Rc8
34. Rdxd3 cxd3 35. Rxc8+ Kf7 36. Rd8 h5 37. Rxd3 f4 38. gxf4 gxf4 39. exf4 Rxf4
40. Kg3 Rf5 41. Rf3 Kg6 42. Rxf5 Kxf5 43. b4 axb4 44. axb4 Ke6 45. Kh4 Kd5 46.
Kxh5 Kc4 47. Kg6 Kxb4 48. h4 Kc4 49. h5 Kd4 50. h6 Ke4 51. h7 Kf3 52. h8=Q Kxf2
53. Qe8 Kf3 54. Qe5 Kf2 55. Qe4 Kg3 56. Kg5 Kf2 57. Kg4 Kg1 58. Qc2 Kf1 59. Kf3
Ke1 60. Qe2# 1-0

[Event "DEM U10 2012"]
[Site "Oberhof GER"]
[Date "2012.06.02"]
[Round "11"]
[White "Bykov, Ilona"]
[Black "Schütze, Tim"]
[Result "1-0"]
[Termination "normal"]
[Board "24"]
[WhiteElo "937"]
[BlackElo "1231"]
[PlyCount "45"]
[WhiteFideId "12964433"]
[BlackFideId "12939706"]
[EventCountry "GER"]
[EventRounds "11"]
[EventType "swiss"]
[EventDate "2012.05.26"]

1. e4 c5 2. c3 e6 3. d4 Nf6 4. e5 Nd5 5. Nf3 Be7 6. c4 Nb6 7. Nc3 f6 8. Bf4 f5
9. Bd3 O-O 10. Qd2 Nc6 11. d5 exd5 12. cxd5 Nb4 13. d6 Bh4 14. g3 g5 15. Be3 c4
16. Be2 Bxg3 17. hxg3 g4 18. Ng5 Re8 19. Bxb6 Qxb6 20. Bxc4+ Kf8 21. Nxh7+ Kg7
22. Qg5+ Kh8 23. Nf6# 1-0

[Event "DEM U10 2012"]
[Site "Oberhof GER"]
[Date "2012.06.02"]
[Round "11"]
[White "Könze, Heike"]
[Black "Huber, Benedikt"]
[Result "1/2-1/2"]
[Termination "normal"]
[Board "26"]
[WhiteElo "1172"]
[BlackElo "1121"]
[PlyCount "63"]
[WhiteFideId "12964476"]
[BlackFideId "12923583"]
[EventCountry "GER"]
[EventRounds "11"]
[EventType "swiss"]
[EventDate "2012.05.26"]

1. c4 c5 2. g3 g6 3. Bg2 Bg7 4. e3 e6 5. Ne2 Ne7 6. d4 O-O 7. O-O cxd4 8. exd4
d5 9. cxd5 Nxd5 10. Nbc3 Ne7 11. d5 Qb6 12. Be3 Qa6 13. Rc1 Rd8 14. Re1 Nbc6
15. a3 Ne5 16. Ra1 Nd3 17. Rf1 Nxb2 18. Qc2 Nc4 19. Bc5 Nxd5 20. Nxd5 Bxa1 21.
Nc7 Qa5 22. Nxa8 Qxc5 23. Rxa1 Rd2 24. Qc3 Rxe2 25. Qf6 Qd6 26. Bf3 Rd2 27. Rc1
Qd4 28. Qxd4 Rxd4 29. Be2 b5 30. a4 a6 31. axb5 axb5 32. Bf1 1/2-1/2

[Event "DEM U10 2012"]
[Site "Oberhof GER"]
[Date "2012.06.02"]
[Round "11"]
[White "Flach, Helene"]
[Black "Feil, Alexander"]
[Result "1-0"]
[Termination "normal"]
[Board "27"]
[WhiteElo "974"]
[BlackElo "1162"]
[PlyCount "171"]
[WhiteFideId "12929735"]
[BlackFideId "4002954"]
[EventCountry "GER"]
[EventRounds "11"]
[EventType "swiss"]
[EventDate "2012.05.26"]

1. e4 e5 2. Nf3 Nf6 3. Nxe5 d6 4. Nf3 Nxe4 5. Qe2 Qe7 6. d3 Nf6 7. Bg5 Qxe2+ 8.
Bxe2 Be7 9. Nc3 h6 10. Be3 Nc6 11. O-O Be6 12. a3 a6 13. Nd4 Nxd4 14. Bxd4
O-O-O 15. b4 Rhe8 16. a4 d5 17. Rab1 b6 18. Na2 Bd6 19. c4 dxc4 20. Bxf6 gxf6
21. dxc4 Bf5 22. Rbe1 Rg8 23. Kh1 Be4 24. Rg1 Rde8 25. c5 bxc5 26. bxc5 Bxc5
27. Bxa6+ Kb8 28. Ref1 h5 29. Nc3 Bc6 30. Rb1+ Ka7 31. Nb5+ Bxb5 32. Bxb5 Rb8
33. Bc4 Rg7 34. Rxb8 Kxb8 35. Rb1+ Kc8 36. Kg1 h4 37. h3 f5 38. Rb5 Be7 39. a5
c6 40. Rxf5 f6 41. a6 Kb8 42. Rf4 Rh7 43. Rd4 Kc7 44. Bd3 Rh6 45. Rg4 Bc5 46.
Rg7+ Kb8 47. Be4 Bf8 48. Rg8 Ka7 49. Rxf8 Kxa6 50. Bxc6 f5 51. Rxf5 Rxc6 52. g3
hxg3 53. fxg3 Rc1+ 54. Kf2 Rc2+ 55. Kf3 Rc3+ 56. Kg4 Rc4+ 57. Rf4 Rc6 58. Kg5
Rc8 59. Rf3 Rg8+ 60. Kf5 Rf8+ 61. Ke4 Re8+ 62. Kd3 Kb5 63. Re3 Rd8+ 64. Ke2 Kc4
65. h4 Rg8 66. h5 Rh8 67. g4 Rg8 68. Re4+ Kd5 69. Ke3 Rg5 70. h6 Rg6 71. h7 Rh6
72. Re7 Kd6 73. Rg7 Ke5 74. Kf3 Rh3+ 75. Kg2 Rh6 76. g5 Rh5 77. g6 Kf5 78. Rg8
Rg5+ 79. Kf3 Rxg6 80. Rxg6 Kxg6 81. h8=Q Kf5 82. Qe8 Kf6 83. Kf4 Kg7 84. Kf5
Kh7 85. Kf6 Kh6 86. Qg6# 1-0

[Event "DEM U10 2012"]
[Site "Oberhof GER"]
[Date "2012.06.02"]
[Round "11"]
[White "Kück, Artur"]
[Black "Staufenberger, Philipp"]
[Result "1/2-1/2"]
[Termination "normal"]
[Board "28"]
[WhiteElo "1212"]
[BlackElo "1234"]
[PlyCount "45"]
[WhiteFideId "12965120"]
[BlackFideId "12970883"]
[EventCountry "GER"]
[EventRounds "11"]
[EventType "swiss"]
[EventDate "2012.05.26"]

1. c4 e6 2. g3 d5 3. Bg2 Nf6 4. e3 c5 5. cxd5 exd5 6. d4 Nc6 7. Nc3 Be6 8. Nge2
Qd7 9. Nf4 Be7 10. Nxe6 fxe6 11. O-O O-O 12. b3 Rac8 13. Bb2 a6 14. Na4 Qd8 15.
Nxc5 Bxc5 16. dxc5 Qa5 17. a4 Qxc5 18. Ba3 Nb4 19. Qd2 a5 20. Rac1 Qb6 21. Bxb4
Rxc1 22. Rxc1 axb4 23. Qd4 1/2-1/2

[Event "DEM U10 2012"]
[Site "Oberhof GER"]
[Date "2012.06.02"]
[Round "11"]
[White "Petrow, Jonas"]
[Black "Haag, Lea"]
[Result "1/2-1/2"]
[Termination "normal"]
[Board "29"]
[WhiteElo "1067"]
[BlackElo "1011"]
[PlyCount "117"]
[WhiteFideId "12991805"]
[EventCountry "GER"]
[EventRounds "11"]
[EventType "swiss"]
[EventDate "2012.05.26"]

1. e4 e5 2. d4 exd4 3. Qxd4 Nc6 4. Qe3 Nf6 5. Nc3 Bb4 6. Bd2 O-O 7. O-O-O Re8
8. Qg3 Nxe4 9. Nxe4 Rxe4 10. Bf4 d6 11. Bd3 Re8 12. Nf3 Qf6 13. Ng5 h6 14. Ne4
Qg6 15. Ng5 Bf5 16. Bxf5 Qxf5 17. Nf3 Re4 18. Bd2 Qg4 19. Qxg4 Rxg4 20. g3
Bxd2+ 21. Rxd2 Re8 22. h3 Rge4 23. Rd3 Ne5 24. Rc3 Nxf3 25. Rxf3 Re1+ 26. Rxe1
Rxe1+ 27. Kd2 Re5 28. c4 f6 29. Ra3 a6 30. Rb3 b5 31. Kd3 bxc4+ 32. Kxc4 Rc5+
33. Kd4 Kf7 34. Re3 Rc2 35. Rb3 Rxf2 36. Rb7 Rc2 37. Kd3 Rc6 38. Ra7 Ke6 39.
Ra8 d5 40. b3 Kf5 41. Kd4 g5 42. Kxd5 Rc3 43. Rh8 Rxg3 44. Rxh6 g4 45. hxg4+
Rxg4 46. Rh7 Rg8 47. Rxc7 Rf8 48. Ra7 Kg4 49. Rxa6 f5 50. Rc6 f4 51. Rc1 Kg3
52. Rg1+ Kh2 53. Rc1 f3 54. Rc2+ f2 55. a4 Kg1 56. Rxf2 Kxf2 57. b4 Rd8+ 58.
Kc5 Rc8+ 59. Kd4 1/2-1/2

[Event "DEM U10 2012"]
[Site "Oberhof GER"]
[Date "2012.06.02"]
[Round "11"]
[White "Demme, Miriam"]
[Black "Gauchel, Verena"]
[Result "1-0"]
[Termination "normal"]
[Board "30"]
[WhiteElo "1207"]
[BlackElo "911"]
[PlyCount "93"]
[WhiteFideId "12966703"]
[BlackFideId "12988537"]
[EventCountry "GER"]
[EventRounds "11"]
[EventType "swiss"]
[EventDate "2012.05.26"]

1. e4 d5 2. exd5 Nf6 3. d4 Nxd5 4. Bc4 Nb6 5. Bb3 Nc6 6. Be3 g6 7. d5 Nb4 8.
Qd4 e5 9. Qxe5+ Kd7 10. Qxh8 Nxc2+ 11. Kd1 Nxa1 12. Qxh7 Nxb3 13. axb3 Ke8 14.
Bxb6 Qxd5+ 15. Nd2 axb6 16. Ne2 Ra1+ 17. Nc1 Qc6 18. Nc4 Be6 19. Re1 b5 20. Qh4
bxc4 21. bxc4 Qa4+ 22. Ke2 Qc2+ 23. Kf3 Rxc1 24. Re4 Qd3+ 25. Re3 Qxc4 26. Re4
Qb3+ 27. Re3 Qxb2 28. Rd3 f5 29. Rd8+ Kf7 30. Qh7+ Kf6 31. Rxf8+ Ke5 32. Qg7+
Kd5 33. Qxb2 Rd1 34. Qb3+ Ke5 35. Qxd1 Bd5+ 36. Ke3 f4+ 37. Rxf4 g5 38. Qd4+
Kd6 39. Qf6+ Kc5 40. Qxg5 c6 41. Kd3 b5 42. h4 b4 43. Qe7+ Kb5 44. Qxb4+ Ka6
45. Qb8 Ka5 46. Rb4 Bxg2 47. Qb6# 1-0

[Event "DEM U10 2012"]
[Site "Oberhof GER"]
[Date "2012.06.02"]
[Round "11"]
[White "Oganessjan, Artur"]
[Black "Becker, Silke"]
[Result "0-1"]
[Termination "normal"]
[Board "31"]
[WhiteElo "961"]
[BlackElo "1222"]
[PlyCount "62"]
[WhiteFideId "12986062"]
[BlackFideId "12966452"]
[EventCountry "GER"]
[EventRounds "11"]
[EventType "swiss"]
[EventDate "2012.05.26"]

1. e4 e5 2. Nf3 Nc6 3. Nc3 Nf6 4. Bb5 Bb4 5. Bxc6 bxc6 6. d3 d6 7. O-O O-O 8.
a3 Bc5 9. Be3 Bb6 10. d4 exd4 11. Nxd4 Bb7 12. Nf3 Re8 13. Bxb6 cxb6 14. Re1
Qc7 15. Qe2 c5 16. Nd5 Bxd5 17. Qd3 Bxe4 18. Qd2 Bxf3 19. gxf3 Qc6 20. Kg2 Re5
21. Rxe5 dxe5 22. Rd1 e4 23. fxe4 Qxe4+ 24. Kf1 Qh1+ 25. Ke2 Re8+ 26. Qe3 Rxe3+
27. fxe3 Qxh2+ 28. Ke1 h6 29. Rd8+ Kh7 30. Ra8 Qh1+ 31. Kd2 Qxa8 0-1

[Event "DEM U10 2012"]
[Site "Oberhof GER"]
[Date "2012.06.02"]
[Round "11"]
[White "Weiten, Teresa"]
[Black "Lindow, Max"]
[Result "0-1"]
[Termination "normal"]
[Board "32"]
[WhiteElo "834"]
[BlackElo "1128"]
[PlyCount "93"]
[WhiteFideId "12971944"]
[BlackFideId "16211057"]
[EventCountry "GER"]
[EventRounds "11"]
[EventType "swiss"]
[EventDate "2012.05.26"]

1. e4 e5 2. Nf3 Nc6 3. Nc3 Nf6 4. d4 exd4 5. Nxd4 Bc5 6. Be3 Nxd4 7. Bxd4 Bxd4
8. Qxd4 O-O 9. Bc4 b6 10. O-O Bb7 11. e5 Ne8 12. Qg4 Bc8 13. Bd3 d5 14. Qh5 h6
15. Rae1 c5 16. Re3 d4 17. Rg3 dxc3 18. Qxh6 f5 19. exf6 Rxf6 20. Qh7+ Kf8 21.
Qh8+ Kf7 22. Re1 Be6 23. Qh5+ Kf8 24. Qh8+ Kf7 25. Bg6+ Rxg6 26. Qh5 Bc8 27.
Qxg6+ Kf8 28. Rf3+ Nf6 29. Rg3 Bg4 30. h3 cxb2 31. hxg4 Qd2 32. Rge3 Qxe3 33.
fxe3 Re8 34. g5 Rxe3 35. Kf2 Rxe1 36. Kxe1 b1=Q+ 37. Kf2 Ng4+ 38. Kg3 Qe1+ 39.
Kxg4 Qe2+ 40. Kf5 Qxc2+ 41. Ke5 Qxg6 42. Kf4 c4 43. Ke3 Qd3+ 44. Kf4 c3 45. Ke5
c2 46. Kf4 c1=Q+ 47. Kg4 0-1

[Event "DEM U10 2012"]
[Site "Oberhof GER"]
[Date "2012.06.02"]
[Round "11"]
[White "Baladjaev, Leyla"]
[Black "Schumacher, Simon"]
[Result "1-0"]
[Termination "normal"]
[Board "33"]
[WhiteElo "1113"]
[BlackElo "968"]
[PlyCount "137"]
[WhiteFideId "12960217"]
[EventCountry "GER"]
[EventRounds "11"]
[EventType "swiss"]
[EventDate "2012.05.26"]

1. d4 d5 2. Nf3 Nf6 3. g3 Bf5 4. Bg2 e6 5. O-O Nbd7 6. Nh4 Bg4 7. Nf3 Bd6 8. c4
O-O 9. Nbd2 c6 10. b3 c5 11. e3 Re8 12. Qc2 Bf5 13. Qc3 b6 14. Nh4 Bg4 15. h3
Bf5 16. Nxf5 exf5 17. Nf3 Ne4 18. Qe1 cxd4 19. Nxd4 Ndf6 20. Nxf5 Be5 21. Rb1
Qd7 22. Nh4 dxc4 23. bxc4 Qd3 24. Bb2 Rac8 25. Bxe5 Rxe5 26. Nf3 Ree8 27. Qd1
Qxd1 28. Rbxd1 Rxc4 29. Nd2 Nxd2 30. Rxd2 Ne4 31. Bxe4 Rcxe4 32. Rfd1 g6 33.
Rd7 R4e7 34. Kg2 Rxd7 35. Rxd7 Ra8 36. Kf3 Kg7 37. Kf4 a5 38. Rb7 Ra6 39. Ke5
a4 40. Kd4 Kf6 41. Kc4 Ke5 42. Rxf7 h5 43. Kb5 Ra5+ 44. Kxb6 Ra8 45. f3 Rb8+
46. Ka5 Ra8+ 47. Kb4 a3 48. Re7+ Kf6 49. Re4 g5 50. Rd4 Ke6 51. Re4+ Kf6 52.
Rc4 Ra6 53. Kb5 Ra8 54. Rc6+ Kg7 55. e4 Rb8+ 56. Rb6 Rxb6+ 57. Kxb6 Kf6 58. Kc5
Ke5 59. Kc4 Kf6 60. Kd5 Kg6 61. Ke5 Kh6 62. Kf6 h4 63. gxh4 gxh4 64. e5 Kh7 65.
e6 Kg8 66. e7 Kh8 67. e8=Q+ Kh7 68. Qg6+ Kh8 69. Qg7# 1-0

[Event "DEM U10 2012"]
[Site "Oberhof GER"]
[Date "2012.06.02"]
[Round "11"]
[White "Kukulina, Sonja"]
[Black "Brehm, Mirja"]
[Result "1-0"]
[Termination "normal"]
[Board "34"]
[WhiteElo "948"]
[BlackElo "1097"]
[PlyCount "121"]
[WhiteFideId "12977047"]
[EventCountry "GER"]
[EventRounds "11"]
[EventType "swiss"]
[EventDate "2012.05.26"]

1. c4 Nf6 2. Nc3 g6 3. g3 Bg7 4. Bg2 O-O 5. Nf3 d6 6. O-O Nbd7 7. d3 c6 8. Rb1
e5 9. b4 Qe7 10. Qc2 Re8 11. Nd2 Nf8 12. a4 h6 13. a5 a6 14. Ra1 Rb8 15. Rb1
Bd7 16. b5 cxb5 17. cxb5 axb5 18. Nxb5 N8h7 19. Ba3 Bxb5 20. Rxb5 Qd7 21. Rb6
d5 22. Rfb1 Ng5 23. a6 Ne6 24. Rxb7 Rxb7 25. axb7 Rb8 26. Qb3 Nd4 27. Qb6 Nxe2+
28. Kf1 Nd4 29. Bd6 Re8 30. b8=Q Rxb8 31. Qxb8+ Ne8 32. Bxe5 Bxe5 33. Qxe5 Ne6
34. Qxd5 Qa4 35. Ke2 Qf4 36. gxf4 Nxf4+ 37. Ke3 Nxd5+ 38. Bxd5 Nf6 39. Rb8+ Kg7
40. Kd4 Ng4 41. Rb7 Nxh2 42. Rxf7+ Kh8 43. Ne4 Ng4 44. Nf6 Nxf6 45. Rxf6 Kg7
46. Rf7+ Kh8 47. f4 h5 48. f5 gxf5 49. Rxf5 Kg7 50. Rxh5 Kg6 51. Re5 Kf6 52.
Bc6 Kf7 53. Kd5 Kf6 54. Be8 Kg7 55. Rf5 Kh6 56. Ke6 Kg7 57. Rg5+ Kh6 58. Kf6
Kh7 59. Rh5+ Kg8 60. Rh6 Kf8 61. Rh8# 1-0

[Event "DEM U10 2012"]
[Site "Oberhof GER"]
[Date "2012.06.02"]
[Round "11"]
[White "Schulze, Nick"]
[Black "Von Jan, Lena"]
[Result "0-1"]
[Termination "normal"]
[Board "35"]
[WhiteElo "1072"]
[BlackElo "1003"]
[PlyCount "114"]
[WhiteFideId "12971847"]
[BlackFideId "12946060"]
[EventCountry "GER"]
[EventRounds "11"]
[EventType "swiss"]
[EventDate "2012.05.26"]

1. d4 d5 2. Nf3 Nf6 3. c4 dxc4 4. e3 c5 5. Bxc4 Bg4 6. O-O e6 7. Nbd2 Nc6 8.
Qc2 Bd6 9. b3 cxd4 10. exd4 a6 11. Bb2 b5 12. Be2 Rc8 13. Qb1 O-O 14. Re1 Bf5
15. Bd3 Bxd3 16. Qxd3 Nb4 17. Qe2 Nc2 18. Rad1 Nxe1 19. Nxe1 Nd5 20. a3 Re8 21.
Ndf3 Bxa3 22. Ba1 Qf6 23. Ne5 Red8 24. h3 Bb4 25. Ng4 Qe7 26. Qb2 Bc3 27. Qe2
Bxa1 28. Rxa1 Nf4 29. Qe3 Rxd4 30. Nf3 Rb4 31. Nd4 Rxd4 32. g3 Nxh3+ 33. Kh2
Rxg4 34. Kxh3 Qg5 35. Qxg5 Rxg5 36. f4 Rh5+ 37. Kg2 Rc2+ 38. Kf3 Rc3+ 39. Kg2
Rxb3 40. Rxa6 h6 41. g4 Rh4 42. f5 Rxg4+ 43. Kf2 Ra4 44. Rd6 Ra2+ 45. Ke1 Rb1+
46. Rd1 Rxd1+ 47. Kxd1 exf5 48. Kc1 f4 49. Kb1 Rd2 50. Kc1 Rh2 51. Kd1 b4 52.
Ke1 b3 53. Kf1 Ra2 54. Ke1 Rh2 55. Kf1 b2 56. Kg1 Rc2 57. Kf1 b1=R# 0-1

[Event "DEM U10 2012"]
[Site "Oberhof GER"]
[Date "2012.06.02"]
[Round "11"]
[White "Kirsten, Annika"]
[Black "Ewerhardy, Moritz"]
[Result "0-1"]
[Termination "normal"]
[Board "37"]
[WhiteElo "957"]
[BlackElo "832"]
[PlyCount "70"]
[WhiteFideId "12961124"]
[BlackFideId "36052086"]
[EventCountry "GER"]
[EventRounds "11"]
[EventType "swiss"]
[EventDate "2012.05.26"]

1. e4 e5 2. Nf3 Nc6 3. Bc4 Bc5 4. O-O d6 5. c3 Nf6 6. d3 Qe7 7. Re1 Ng4 8. h3
Bxf2+ 9. Kf1 Bxe1 10. Qxe1 Nf6 11. Kg1 Be6 12. Bb3 Qd7 13. Ng5 h6 14. Nxe6 fxe6
15. Nd2 Rf8 16. Nf3 O-O-O 17. d4 Ne7 18. Be3 Nxe4 19. Rd1 Qe8 20. Bxe6+ Kb8 21.
c4 Rf6 22. Bd5 Ng5 23. Qb4 c6 24. Nxg5 cxd5 25. cxd5 Nxd5 26. Qb3 Nxe3 27. Qxe3
hxg5 28. Qxg5 Rg6 29. Qd2 e4 30. Rc1 Rc8 31. Re1 Rc4 32. b3 Rc7 33. Qb4 e3 34.
a4 Qe4 35. g4 Rc2 0-1